| 000 | 00455nam a2200157 a 4500 | ||
|---|---|---|---|
| 001 | 3628 | ||
| 003 | CDMR | ||
| 005 | 20131104165931.0 | ||
| 008 | 130130s1998||||||||||||||||||||||||||||d | ||
| 040 |
_aCDMR _bcat _cCPC LLEIDA |
||
| 110 | 2 |
_aPatronat Català Pro Europa _92588 |
|
| 245 | 1 | 0 |
_aTractats de la Unió Europea _cPatronat Català Pro Europa |
| 260 |
_aLuxemburg _c1998 _bPatronat Català Pro Europa |
||
| 650 | 0 | 4 |
_94257 _aDret comunitari |
| 942 |
_cMON _2udc |
||
| 999 |
_c3628 _d3628 |
||